000 00373nam a2200157Ia 4500
008 210210b1982 xxu||||| |||| 00| 0 eng d
082 _a820.43 SINW
100 _aSINGH (Khushwant)
245 _aWe Indians
260 _aNew Delhi
_bOrient Paperbacks
_c1982
300 _a151
650 _aWe
650 _aIndians
690 _aIndian English Prose
906 _aSG03131
999 _c113790
_d113790